000 00824nam a2200229 a 4500
001 000043917
005 20201002045037.0
008 140508s1999 sp ab 000 0 spa d
020 _a8440691467
040 _aDO-SdBNP
_bspa
_cBNPHU
041 1 7 _aspa
_heng
082 _axxxx
_bxxxx
100 1 _aDavid-Neel, Alexandra,
_d1868-1969.
_971824
240 1 0 _aJournal de voyage
_lEspañol.
245 1 0 _aDiario de viaje :
_bcartas desde la India, China y Tíbet /
_cAlexandra David-Néel ; traducción, Teresa Clavel.
260 _aBarcelona :
_bEdiciones B,
_c1999.
300 _a585 p. :
_bil., mapas ;
_c24 cm.
490 1 _aBiblioteca grandes viajeros
500 _aIncluye referencias bibliográficas y notas al pie de las páginas.
700 1 2 _aClavel, Teresa
_etr.
_913612
830 0 _aBiblioteca grandes viajeros
_970743
999 _c43406
_d43406